000
00323nam a22001097a 4500
082
_a
891.433/CHA/N
100
_a
चतुरसेन आचार्य
245
_a
गोली
260
_a
दिल्ली
_b
राजपाल एण्ड संस
_c
2020
650
_a
उपन्यास
942
_c
HIN
999
_c
68659
_d
68659